Movies Quiz

Random Movies or Disney Quiz

Disney Inception Quiz Stats

 Plays Quiz Updated Aug 6, 2019

Score 0/24 Timer 06:00
2 Plays Today
% Correct
Aladdin
99.2%
Monsters, Inc.
95.8%
Toy Story 2
94.9%
The Incredibles
91.7%
Ratatouille
88.5%
Cars
87.9%
Up
87%
Hercules
83.8%
Frozen
82.2%
Tangled
81.6%
The Emperor's New Groove
80.9%
The Hunchback of Notre Dame
78.4%
% Correct
Tarzan
78.1%
Monsters University
78.1%
Lilo & Stitch
71.2%
Wall-E
69%
Finding Nemo
63.5%
Brave
63.3%
Wreck-It Ralph
62.8%
101 Dalmatians
61.7%
The Princess and the Frog
57.2%
The Little Mermaid
54.6%
Big Hero 6
30.3%
The Rescuers
23.9%

You're not logged in!

Compare scores with friends on all Sporcle quizzes.
OR
Log In

Sporcle TV

Today on Sporcle TV


Watch our educational content, quiz creation guides, and fun videos on Sporcle TV.

Show Comments

Extras

Top Quizzes Today


Score Distribution

Your Account Isn't Verified!

In order to create a playlist on Sporcle, you need to verify the email address you used during registration. Go to your Sporcle Settings to finish the process.

Report this User

Report this user for behavior that violates our Community Guidelines.

Details: